<?xml version="1.0" encoding="UTF-8"?>
<record
    xmlns:xsi="http://www.w3.org/2001/XMLSchema-instance"
    xsi:schemaLocation="http://www.loc.gov/MARC21/slim http://www.loc.gov/standards/marcxml/schema/MARC21slim.xsd"
    xmlns="http://www.loc.gov/MARC21/slim">

  <leader>00858nas a2200265 i 4500</leader>
  <controlfield tag="001">168414</controlfield>
  <controlfield tag="003">ES-MaACL</controlfield>
  <controlfield tag="005">20250802062538.0</controlfield>
  <controlfield tag="008">080407 2005    sp  |         |    ||pa d</controlfield>
  <datafield tag="080" ind1=" " ind2=" ">
    <subfield code="a">82(082.2)</subfield>
  </datafield>
  <datafield tag="245" ind1="0" ind2="0">
    <subfield code="a">E&#xF1;e </subfield>
    <subfield code="b">: revista para leer.</subfield>
  </datafield>
  <datafield tag="246" ind1="2" ind2=" ">
    <subfield code="a">&#xD1;</subfield>
  </datafield>
  <datafield tag="260" ind1=" " ind2=" ">
    <subfield code="a">Madrid : </subfield>
    <subfield code="b">La F&#xE1;brica, </subfield>
    <subfield code="c">2005-</subfield>
  </datafield>
  <datafield tag="300" ind1=" " ind2=" ">
    <subfield code="a">7 v. : </subfield>
    <subfield code="b">il. ; </subfield>
    <subfield code="c">22 cm.</subfield>
  </datafield>
  <datafield tag="310" ind1=" " ind2=" ">
    <subfield code="a">Trimestral</subfield>
  </datafield>
  <datafield tag="362" ind1="0" ind2=" ">
    <subfield code="a">N. 1 (primavera 2005)-</subfield>
  </datafield>
  <datafield tag="650" ind1=" " ind2="7">
    <subfield code="a">Literatura</subfield>
    <subfield code="2">embne</subfield>
    <subfield code="9">141583</subfield>
  </datafield>
  <datafield tag="655" ind1=" " ind2="0">
    <subfield code="9">176430</subfield>
    <subfield code="a">Revistas literarias</subfield>
  </datafield>
  <datafield tag="710" ind1="0" ind2=" ">
    <subfield code="a">La F&#xE1;brica.</subfield>
    <subfield code="9">5459</subfield>
  </datafield>
  <datafield tag="852" ind1=" " ind2=" ">
    <subfield code="a">ES-MaACL</subfield>
    <subfield code="j">HEM-2040</subfield>
    <subfield code="c">HEM</subfield>
    <subfield code="z">Expurgado marzo 2025: posterior 1958; sin encuaderar; completa a Biblioteca Nacional; 26 ubiaciones en Rebiun</subfield>
  </datafield>
  <datafield tag="866" ind1=" " ind2="0">
    <subfield code="o">2005-2006 (2007)-(2012).</subfield>
    <subfield code="u">Faltas: 2007 (n.11) </subfield>
  </datafield>
  <datafield tag="942" ind1=" " ind2=" ">
    <subfield code="2">udc</subfield>
    <subfield code="c">PERIODICA</subfield>
  </datafield>
  <datafield tag="999" ind1=" " ind2=" ">
    <subfield code="c">168414</subfield>
    <subfield code="d">168414</subfield>
  </datafield>
</record>
